000 01713nam a2200445 i 4500
001 92140
003 FINmELB
005 20241217172105.0
006 m o d |
007 cr cnu||||||||
008 210614s2020 sp ob 000 0 spa d
020 _a9788418349133
_q(e-book)
020 _z9788418349126
035 _a(OCoLC)1257034645
040 _aFINmELB
_bspa
_erda
_cFINmELB
050 4 _aKKT3080
_b.R486 2020
080 _a34
082 0 4 _a344.4604369792
_223
245 0 0 _aRetos jurídicos ante la crisis del COVID-19 /
_cDirectores: Juan Francisco Rodríguez Ayuso, Elena Atienza Macías.
264 1 _aMadrid :
_bWolters Kluwer,
_c2020.
300 _a1 recurso en línea (674 páginas)
336 _atexto
_btxt
_2rdacontent/spa
337 _acomputadora
_bc
_2rdamedia/spa
338 _arecurso en línea
_bcr
_2rdacarrier/spa
490 1 _aTemas La Ley
504 _aIncluye bibliografía al final de cada capítulo.
588 _aDescripción basada en metadatos suministrados por el editor y otras fuentes.
590 _aRecurso electrónico. Santa Fe, Arg.: elibro, 2021. Disponible vía World Wide Web. El acceso puede estar limitado para las bibliotecas afiliadas a elibro.
650 0 _aCOVID-19 (Disease)
_xLaw and legislation.
650 4 _aCOVID-19 (Enfermedad)
_xDerecho y legislación.
655 4 _aLibros electrónicos.
700 1 _aRodríguez Ayuso, Juan Francisco,
_edirector.
700 1 _aAtienza Macías, Elena,
_edirector.
797 2 _aelibro, Corp.
830 0 _aTemas La Ley.
856 4 0 _uhttps://elibro.net/ereader/politecnicointernacional/158010
999 _c92140
_d92140